[Event "CRO-ch U15"]
[Site "Trogir"]
[Date "2023.06.25"]
[Round "8"]
[White "Babler, Jan"]
[Black "Matokovic, Jakov"]
[Result "1/2-1/2"]
[WhiteElo "1694"]
[BlackElo "1295"]
[PlyCount "48"]
[EventDate "2023.06.21"]
[EventType "swiss"]
[EventRounds "9"]
[EventCountry "CRO"]
[SourceTitle "EXT 2024"]
[Source "ChessBase"]
[SourceDate "2023.10.10"]
[SourceVersion "1"]
[SourceVersionDate "2023.10.10"]
[SourceQuality "1"]

1. e4 e5 2. Nf3 Nc6 3. Bc4 Bc5 4. c3 Nf6 5. d4 exd4 6. e5 d5 7. Bb5 Ne4 8. cxd4 Bb6 9. Nc3 0-0 10. Be3 Bg4 11. h3 Bh5 12. Qc2 Bg6 13. Qb3 Ne7 14. 0-0 Kh8 15. Bd3 f6 16. Qc2 Nc6 17. Bxe4 dxe4 18. Nh4 fxe5 19. Nxg6+ hxg6 20. d5 Nd4 21. Qxe4 Qf6 22. Bxd4 exd4 23. Na4 Rfe8 24. Qd3 Rad8 1/2-1/2